00967 2200325 4500001002100000005001500021035002000036007000300056008004100059020002200100082001600122084001800138100002300156245010700179250003600286300003100322650002000353650002100373264002900394336002100423337003000444338002300474040002200497090002200519500001100541850001200552504003300564999002200597990002200619INLIS00000000088338820231129101049 a0010-1123000467ta231129s2023 yoi g 1 ind d a978-623-8091-59-104223a297.577 a297.577 ROM p0 aRomelahePengarang10aParenting islami :banalisis karakteristik dan kewajiban orang tua dalam membelajarkan anak /cRomelah aCetakan pertama, September 2023 aviii, 120 halaman ;c23 cm 4aPengasuhan anak 4aKeluarga (Islam)31aBantul :bBildung,c2023 2rdacontentateks 2rdamediaatanpa perantara 2rdacarrieravolume aYOPDYOGbinderda aCB-D.11 2023-3090 aIndeks aYOPDYOG aBibliografi: halaman 107-117 aCB-D.11/2023-3090 aCB-D.11/2023-3090